Logo CIB grande

REUNION DE EXPERTOS PARA REVISAR EL PROGRAMA ESTRATEGICO REGIONAL PARA LA PROTECCION DEL MEDIO AMBIENTE COSTERO Y DULCEACUICOLA ASOCIADOS FRENTE A LAS ACTIVIDADES REALIZADAS EN TIERRA (Registro nro. 234636)

Detalles MARC
000 -LEADER
campo de control de longitud fija 00679nam a2200217Ia 4500
005 - FECHA Y HORA DE LA ÚLTIMA TRANSACCIÓN
campo de control 20250425162710.0
008 - DATOS DE LONGITUD FIJA--INFORMACIÓN GENERAL
campo de control de longitud fija 250425s9999 xx 000 0 und d
041 ## - CÓDIGO DE IDIOMA
Código de lengua del texto/banda sonora o título independiente spa
043 ## - CÓDIGO DE ÁREA GEOGRÁFICA
Código de área geográfica cl
082 ## - NÚMERO DE LA CLASIFICACIÓN DECIMAL DEWEY
Número de clasificación 639.9
010 ## - NÚMERO DE CONTROL DE LA BIBLIOTECA DEL CONGRESO
Número de control de LC 97444
110 ## - ENTRADA PRINCIPAL--NOMBRE DE ENTIDAD CORPORATIVA
Nombre de entidad corporativa o nombre de jurisdicción como elemento de entrada CHILE. CPPS
245 #0 - MENCIÓN DEL TÍTULO
Título REUNION DE EXPERTOS PARA REVISAR EL PROGRAMA ESTRATEGICO REGIONAL PARA LA PROTECCION DEL MEDIO AMBIENTE COSTERO Y DULCEACUICOLA ASOCIADOS FRENTE A LAS ACTIVIDADES REALIZADAS EN TIERRA
250 ## - MENCION DE EDICION
Mención de edición S.E
260 ## - PUBLICACIÓN, DISTRIBUCIÓN, ETC.
Lugar de publicación, distribución, etc. Chile
Nombre del editor, distribuidor, etc. COMISION PERMANENTE DEL PACIFICO SUR - CPPS
Fecha de publicación, distribución, etc. 1998
260 ## - PUBLICACIÓN, DISTRIBUCIÓN, ETC.
Lugar de publicación, distribución, etc. VIÑA DEL MAR
300 ## - DESCRIPCIÓN FÍSICA
Extensión 52
500 ## - NOTA GENERAL
Nota general FOLLETO
650 ## - PUNTO DE ACCESO ADICIONAL DE MATERIA--TÉRMINO DE MATERIA
Término de materia o nombre geográfico como elemento de entrada PROTECCION DEL MEDIO MARINO
942 ## - ELEMENTOS DE ENTRADA SECUNDARIOS (KOHA)
Tipo de ítem Koha Libros
Existencias
Estatus retirado Estado de pérdida Estado de daño No para préstamo Biblioteca de origen Biblioteca actual Fecha de adquisición Coste, precio normal de compra Total de préstamos Código de barras Copia número
        CENTRO NACIONAL DE INVESTIGACIONES MARINAS CENTRO NACIONAL DE INVESTIGACIONES MARINAS 23/03/2016 5.00   D-81908 1

Copyright 2025 ESPOL. Todos los derechos reservados.